Đạo lý của Lão Tử /
Lưu vào:
| Tác giả chính: | |
|---|---|
| Đồng tác giả: | |
| Định dạng: | Sách |
| Ngôn ngữ: | Vietnamese |
| Nhà xuất bản: |
Hà Nội :
Công an Nhân dân,
2006.
|
| Chủ đề: | |
| Từ khóa: |
Thêm từ khóa
Không có từ khóa, Hãy là người đầu tiên đánh dấu biểu ghi này!
|
| LEADER | 01309nam a22002897a 4500 | ||
|---|---|---|---|
| 005 | 20200501230651.0 | ||
| 008 | 200404s2006 vm |||||||||||||||||vie|| | ||
| 020 | |c 32.000 VND | ||
| 040 | |a Phenikaa-Uni |b vie |c Phenikaa-Uni |e aacr2 | ||
| 041 | 0 | |a vie | |
| 044 | |a vm | ||
| 082 | 0 | 4 | |2 23 |a 181 |b Đ108L 2006 |
| 100 | 1 | |a Cư, Kỳ Sở | |
| 245 | 1 | 0 | |a Đạo lý của Lão Tử / |c Cư Kỳ Sở, Nguyễn Kim Hanh biên dịch |
| 260 | |a Hà Nội : |b Công an Nhân dân, |c 2006. | ||
| 300 | |a 222 tr. ; |c 21 cm. | ||
| 650 | 0 | 4 | |a Đạo lí |
| 650 | 0 | 4 | |a Lão Tử |
| 650 | 0 | 4 | |a Triết gia |
| 650 | 0 | 4 | |a Triết học Trung Quốc |
| 700 | 1 | |a Cư, Kỳ Sở | |
| 700 | 1 | |a Nguyễn, Kim Hanh | |
| 942 | |2 ddc |c SACH | ||
| 999 | |c 362 |d 362 | ||
| 952 | |0 0 |1 0 |2 ddc |4 0 |6 181_000000000000000_Đ108L_2006 |7 0 |9 904 |a PHENIKAA |b PHENIKAA |c PNK_103 |d 2020-04-15 |g 32000.00 |l 4 |m 2 |o 181 Đ108L 2006 |p 00000961 |r 2021-04-01 |s 2021-01-08 |v 32000.00 |w 2020-04-15 |y SACH | ||
| 952 | |0 0 |1 0 |2 ddc |4 0 |6 181_000000000000000_Đ108L_2006 |7 0 |9 905 |a PHENIKAA |b PHENIKAA |c PNK_103 |d 2020-04-15 |g 32000.00 |l 0 |o 181 Đ108L 2006 |p 00000962 |r 2020-04-15 |v 32000.00 |w 2020-04-15 |y SACH | ||
| 952 | |0 0 |1 0 |2 ddc |4 0 |6 181_000000000000000_Đ108L_2006 |7 0 |9 906 |a PHENIKAA |b PHENIKAA |c PNK_103 |d 2020-04-15 |g 32000.00 |l 0 |o 181 Đ108L 2006 |p 00000963 |r 2020-04-15 |v 32000.00 |w 2020-04-15 |y SACH | ||
